Devine le rappeur 6 - Statistiques

Statistiques générales
  • Ce quiz a été pris 105 fois
  • Le résultat moyen est 5 sur 15
Statistiques - réponses
Hint Réponse % Correct
Sur paname Ninho
87%
Scarface Booba
84%
Il pleut à Paris PLK
60%
Ma meilleure amie Vald
47%
Jour de plus Freeze corleone
38%
Ghettoyouth Niro
33%
Amore Jul
29%
Carcan de cuir Dali
26%
Grand bain Sch
24%
On va le faire S crew
13%
Chico S pri noir
11%
Mécanique des fluides Luidji
7%
La promesse de l’aube Bb Jacques
4%
Couleurs Khali
4%
100 pas Edge
1%
Aucun quiz correspondant
Distribution des résultats
% des personnes avec chaque résultat
Percentile par nombre de réponses
Votre historique - résultats
Vous n’avez pas pris ce quiz